Přeskočit na obsah
Inicio
Centros participantes
Catálogo
Servicios
Contacto
Přihlásit
English
Deutsch
Español
Français
Italiano
日本語
Nederlands
Português
Português (Brasil)
中文(简体)
中文(繁體)
Türkçe
עברית
Gaeilge
Cymraeg
Ελληνικά
Català
Euskara
Русский
Čeština
Suomi
Svenska
polski
Dansk
slovenščina
اللغة العربية
বাংলা
Galego
Tiếng Việt
Hrvatski
हिंदी
Հայերէն
Українська
Sámegiella
Jazyk
Vše
Název
Autor
Téma
Signatura
ISBN/ISSN
Tag
Hledat
Pokročilé
Seminario Internacional sobre...
Vytvořit citaci
Poslat e-mailem
Vytisknout
Exportovat záznam
Exportovat do RefWorks
Exportovat do EndNoteWeb
Exportovat do EndNote
Přidat do oblíbených
Trvalý odkaz
Přidat první hodnocení
Seminario Internacional sobre Estado y Derecho en un período de transformación
Uloženo v:
Podrobná bibliografie
Médium:
Text
Témata:
POLITICA
ESTADO
DERECHO
TEORIA
CHILE
Tagy:
Přidat tag
Žádné tagy, Buďte první, kdo vytvoří štítek k tomuto záznamu!
Jednotky
Popis
Komentáře
Podobné jednotky
UNIMARC/MARC
MARC
LEADER
00000 a a2200000 04500
001
11066
003
040
245
|a
Seminario Internacional sobre Estado y Derecho en un período de transformación
650
|a
POLITICA
650
|a
ESTADO
650
|a
DERECHO
650
|a
TEORIA
650
|a
CHILE
773
|g
volumen 8, número 22; páginas 211-223
999
|c
31665
|d
31665
Podobné jednotky
La problemática actual del Estado y del derecho en Chile /
Autor: Lechner, Norberto
El derecho internacional humanitario y las operaciones de mantenimiento de la paz de las Naciones Unidas /
Autor: Marowski, Carl
Derecho internacional, impunidad y responsabilidad del Estado /
Autor: Faúndez Ledesma, Héctor
II Seminario Interamericano sobre Seguridad del Estado, Derecho Humanitario y Derechos Humanos en Centro América /
Vydáno: (1985)
Los Derechos humanos y el estado de derecho en Honduras: teoría y realidad /
Autor: Mejía Rivera, Joaquín A.
Vydáno: (2007)